[Event "VI Open Internacional Memorial Pedro Lez"]
[Site "Ateneo Municipal de Vecindario"]
[Date "2013.03.28"]
[Round "4"]
[White "Gonzalez Intelangelo, Gerardo"]
[Black "Capote Robayna, Johanna"]
[Result "1-0"]
[WhiteElo "2022"]
[BlackElo "1813"]
[PlyCount "69"]
[EventDate "2013.03.25"]
[EventRounds "9"]
[EventCountry "ESP"]

1. c4 Nf6 2. Nc3 g6 3. g3 Bg7 4. Bg2 O-O 5. e4 d6 6. Nge2 c5 7. d4 Nbd7 8. O-O
Qb6 9. d5 Re8 10. Qc2 e6 11. dxe6 Rxe6 12. Rd1 Ne5 13. Nd5 Nxd5 14. cxd5 Re8
15. h3 Bd7 16. Be3 Bb5 17. Nc3 Nc4 18. Bc1 Qa5 19. Nxb5 Qxb5 20. Bf1 f5 21.
Bxc4 Qd7 22. exf5 gxf5 23. Bd3 Bd4 24. Bxf5 Qg7 25. Rxd4 Re1+ 26. Kh2 cxd4 27.
Be6+ Kh8 28. Bh6 Qe5 29. Rxe1 Qxe1 30. Qf5 Qe5 31. Qxe5+ dxe5 32. d6 d3 33. d7
e4 34. Kg2 b6 35. Kf1 1-0

[Event "VI Open Internacional Memorial Pedro Lez"]
[Site "Ateneo Municipal de Vecindario"]
[Date "2013.03.28"]
[Round "4"]
[White "Camino Carrio, Nicanor"]
[Black "Lorenzo Perez, Raul"]
[Result "1-0"]
[WhiteElo "2014"]
[BlackElo "1745"]
[PlyCount "73"]
[EventDate "2013.03.25"]
[EventRounds "9"]
[EventCountry "ESP"]

1. e4 e5 2. Nf3 Nc6 3. Bb5 a6 4. Ba4 Nf6 5. d3 d6 6. c3 Be7 7. O-O O-O 8. Re1
Bg4 9. Nbd2 b5 10. Bc2 Re8 11. h3 Bh5 12. Nf1 Qd7 13. Ng3 Bg6 14. a4 b4 15. Nh4
bxc3 16. bxc3 d5 17. Qf3 d4 18. Bd2 Bc5 19. c4 Bb4 20. Bxb4 Nxb4 21. Bb3 c5 22.
Nhf5 a5 23. Red1 Rab8 24. Rd2 Rb6 25. h4 h5 26. Rf1 Reb8 27. Qe2 Ng4 28. f3 Nf6
29. f4 Nxd3 30. Rxd3 Rxb3 31. fxe5 Ng4 32. Rxb3 Rxb3 33. Qd2 Rb4 34. Qg5 Qe6
35. Nxh5 Nxe5 36. Nhxg7 Qd7 37. Nh5 1-0

[Event "VI Open Internacional Memorial Pedro Lez"]
[Site "Ateneo Municipal de Vecindario"]
[Date "2013.03.28"]
[Round "4"]
[White "Amador Garcia, Ismael"]
[Black "Marrero Cardenes, Agustin"]
[Result "0-1"]
[WhiteElo "1418"]
[BlackElo "1959"]
[PlyCount "42"]
[EventDate "2013.03.25"]
[EventRounds "9"]
[EventCountry "ESP"]

1. e4 c6 2. d4 d5 3. Nc3 dxe4 4. Nxe4 Nf6 5. Ng3 c5 6. c3 cxd4 7. cxd4 Nc6 8.
Nf3 Bg4 9. Bb5 Qa5+ 10. Bd2 Qxb5 11. Bc3 e6 12. a3 Rd8 13. Qd2 Bxf3 14. gxf3
Bc5 15. Qg5 Nxd4 16. O-O-O Be7 17. Qxg7 Rg8 18. Qh6 Nf5 19. Nxf5 Qxf5 20. Qe3
Nd5 21. Qxa7 Bg5+ 0-1

[Event "VI Open Internacional Memorial Pedro Lez"]
[Site "Ateneo Municipal de Vecindario"]
[Date "2013.03.28"]
[Round "4"]
[White "Galvan Sarmiento, Jose Luis"]
[Black "Suarez Ramirez, Jonay"]
[Result "1-0"]
[WhiteElo "1928"]
[BlackElo "1600"]
[PlyCount "43"]
[EventDate "2013.03.25"]
[EventRounds "9"]
[EventCountry "ESP"]

1. d4 Nf6 2. Nf3 d5 3. Bf4 Bf5 4. e3 e6 5. Nbd2 Nbd7 6. Be2 Be7 7. h3 O-O 8. g4
Be4 9. Nxe4 Nxe4 10. Bd3 Ndf6 11. Ne5 c5 12. c3 Rc8 13. h4 c4 14. Bc2 Nd7 15.
g5 b5 16. a3 a5 17. Qh5 f5 18. g6 Ndf6 19. gxh7+ Nxh7 20. Bxe4 fxe4 21. Qg4 Bf6
22. Qxe6+ 1-0

[Event "VI Open Internacional Memorial Pedro Lez"]
[Site "Ateneo Municipal de Vecindario"]
[Date "2013.03.28"]
[Round "4"]
[White "Lopez Colon, Francisco"]
[Black "Roque Hernandez, Francisco"]
[Result "1-0"]
[WhiteElo "2045"]
[BlackElo "1531"]
[PlyCount "69"]
[EventDate "2013.03.25"]
[EventRounds "9"]
[EventCountry "ESP"]

1. d4 Nf6 2. c4 e6 3. Nc3 Bb4 4. Qc2 O-O 5. Bg5 d5 6. e3 c5 7. dxc5 Bxc5 8.
cxd5 exd5 9. Bxf6 Qxf6 10. Nxd5 Qc6 11. Nc3 Be6 12. Nf3 Nd7 13. Bb5 Qb6 14. O-O
Bg4 15. Bxd7 Bxd7 16. Ne5 Qe6 17. Nxd7 Qxd7 18. Rfd1 Qc6 19. Ne4 b6 20. b4 Rfe8
21. Ng3 Re5 22. bxc5 bxc5 23. Rab1 h5 24. h3 Rae8 25. Qc4 Qh6 26. Rb7 Qg6 27.
Rdd7 Rf8 28. Rxa7 Qf6 29. Ra6 Qg5 30. Nf1 Qf5 31. Rad6 g5 32. Ng3 Qh7 33. Rd5
Rxd5 34. Qxd5 Qg6 35. Rd6 1-0

[Event "VI Open Internacional Memorial Pedro Lez"]
[Site "Ateneo Municipal de Vecindario"]
[Date "2013.03.28"]
[Round "4"]
[White "Cruz Pino, Adrian"]
[Black "Sanabria Taskila, Daniel Krist"]
[Result "1-0"]
[WhiteElo "1986"]
[BlackElo "1410"]
[PlyCount "51"]
[EventDate "2013.03.25"]
[EventRounds "9"]
[EventCountry "ESP"]

1. e4 c6 2. Nc3 d5 3. Qe2 dxe4 4. Nxe4 Bf5 5. Nf3 e6 6. d3 Nd7 7. Bf4 Bxe4 8.
dxe4 Ngf6 9. O-O-O Qa5 10. Kb1 e5 11. Bc1 Qb4 12. Nd2 O-O-O 13. f3 Nb6 14. g3
Kb8 15. Bh3 Be7 16. Rhe1 Ne8 17. Nb3 Nc7 18. Bf1 Nb5 19. c3 Qa4 20. Be3 Ba3 21.
c4 Bb4 22. Rxd8+ Rxd8 23. Rd1 Rxd1+ 24. Qxd1 Nc7 25. Bxb6 Kc8 26. Bh3+ 1-0

[Event "VI Open Internacional Memorial Pedro Lez"]
[Site "Ateneo Municipal de Vecindario"]
[Date "2013.03.28"]
[Round "4"]
[White "Strebkovs, Andrejs"]
[Black "Morales Sanchez, Domingo"]
[Result "1-0"]
[WhiteElo "2331"]
[BlackElo "1471"]
[PlyCount "105"]
[EventDate "2013.03.25"]
[EventRounds "9"]
[EventCountry "ESP"]

1. Nf3 d5 2. d4 Nf6 3. g3 b6 4. Bg2 Bb7 5. O-O e6 6. Ne5 Nbd7 7. c4 c5 8. e3
Bd6 9. f4 O-O 10. Nc3 Ne4 11. Nxe4 dxe4 12. Nxd7 Qxd7 13. dxc5 bxc5 14. Qc2 f5
15. b3 Qe7 16. Bb2 e5 17. Qc3 exf4 18. exf4 Rad8 19. Rfd1 Bc7 20. Ba3 Bb6 21.
Qe3 Qc7 22. Bb2 Rd7 23. Be5 Qc8 24. Bh3 Rfd8 25. Rxd7 Qxd7 26. Bc3 Qf7 27. Bf1
Qf8 28. Be2 Rd6 29. Be5 Rd8 30. Bc3 Qf7 31. Rf1 Qe7 32. g4 fxg4 33. f5 Rf8 34.
Bxg4 Bc7 35. Rd1 Bc6 36. Bh3 Rd8 37. Rxd8+ Bxd8 38. Qg3 Kh8 39. Qe5 Qxe5 40.
Bxe5 Bf6 41. Bxf6 gxf6 42. Kf2 Kg7 43. Ke3 Kh6 44. Kf4 Kh5 45. Bg2 Kh4 46. Bxe4
Bxe4 47. Kxe4 Kh5 48. b4 cxb4 49. c5 a5 50. c6 a4 51. c7 b3 52. axb3 axb3 53.
c8=Q 1-0

[Event "VI Open Internacional Memorial Pedro Lez"]
[Site "Ateneo Municipal de Vecindario"]
[Date "2013.03.28"]
[Round "4"]
[White "De La Hoz Sanchez, Ruben"]
[Black "Suarez Buceta, Melquiades"]
[Result "1-0"]
[WhiteElo "1969"]
[BlackElo "1450"]
[PlyCount "113"]
[EventDate "2013.03.25"]
[EventRounds "9"]
[EventCountry "ESP"]

1. e4 c5 2. Nf3 Nc6 3. d4 cxd4 4. Nxd4 Nf6 5. Nc3 e5 6. Ndb5 d6 7. Bg5 a6 8.
Na3 b5 9. Nd5 Be7 10. Bxf6 Bxf6 11. c3 O-O 12. Qf3 Bg5 13. h4 Bh6 14. Bd3 Ne7
15. g4 Nxd5 16. exd5 g6 17. g5 Bg7 18. O-O-O f5 19. Qg2 e4 20. Be2 Qc7 21. Nc2
Bd7 22. h5 a5 23. hxg6 hxg6 24. Rh4 b4 25. c4 Rac8 26. Rdh1 Kf7 27. f3 exf3 28.
Qxf3 Rh8 29. Ne3 a4 30. Ng2 Qb6 31. Rxh8 Bxh8 32. Rd1 b3 33. axb3 Ra8 34. Rd3
a3 35. bxa3 Rxa3 36. Bd1 Ra1+ 37. Kd2 Ra2+ 38. Bc2 Qb4+ 39. Kd1 Ra1+ 40. Ke2
Ra2 41. Ne1 Be5 42. Kf1 f4 43. Rd1 Qc3 44. Qxc3 Bxc3 45. Rc1 Bb4 46. Ke2 Bg4+
47. Kd3 f3 48. Nxf3 Bxf3 49. Rf1 Ra7 50. Rxf3+ Kg7 51. Kd4 Bc5+ 52. Kc3 Re7 53.
Rf6 Re3+ 54. Kd2 Rg3 55. Rxg6+ Kf7 56. Rf6+ Kg7 57. Rf5 1-0

[Event "VI Open Internacional Memorial Pedro Lez"]
[Site "Ateneo Municipal de Vecindario"]
[Date "2013.03.28"]
[Round "4"]
[White "Diaz Martin, Cristina"]
[Black "Cruz Ramirez, Nauzet"]
[Result "0-1"]
[WhiteElo "1471"]
[BlackElo "1778"]
[PlyCount "62"]
[EventDate "2013.03.25"]
[EventRounds "9"]
[EventCountry "ESP"]

1. e4 c5 2. Nf3 e6 3. c4 b6 4. Nc3 d6 5. d4 cxd4 6. Nxd4 Nf6 7. Be3 Be7 8. Be2
Bb7 9. f3 Nbd7 10. O-O O-O 11. Qd2 Rc8 12. Rac1 a6 13. b3 Nc5 14. b4 Ncd7 15.
Nd1 d5 16. cxd5 Rxc1 17. Qxc1 exd5 18. exd5 Nxd5 19. a3 Nxe3 20. Qxe3 Re8 21.
Qc1 Bf6 22. Nc6 Bxc6 23. Bxa6 Bd4+ 24. Kh1 Qf6 25. Qd2 b5 26. Re1 Rxe1+ 27.
Qxe1 Qe5 28. Qd2 Nb6 29. f4 Qd5 30. Qe2 g6 31. h3 Nc4 0-1

[Event "VI Open Internacional Memorial Pedro Lez"]
[Site "Ateneo Municipal de Vecindario"]
[Date "2013.03.28"]
[Round "4"]
[White "Rodriguez Manzaneda, Irene"]
[Black "Fernandez Arce, Aketza"]
[Result "1-0"]
[WhiteElo "1720"]
[BlackElo "1437"]
[PlyCount "45"]
[EventDate "2013.03.25"]
[EventRounds "9"]
[EventCountry "ESP"]

1. d4 e6 2. c4 g6 3. Nc3 Bg7 4. Nf3 Nc6 5. g3 Nf6 6. Bg2 d5 7. cxd5 Nxd5 8. O-O
O-O 9. e4 Nde7 10. Be3 Re8 11. Qd2 Bd7 12. Bh6 Na5 13. b3 Rc8 14. Bxg7 Kxg7 15.
e5 Nf5 16. Ne4 b6 17. Nfg5 Bc6 18. Rad1 Qd5 19. Qf4 Rcd8 20. g4 h6 21. gxf5
hxg5 22. f6+ Kh7 23. Nxg5+ 1-0

[Event "VI Open Internacional Memorial Pedro Lez"]
[Site "Ateneo Municipal de Vecindario"]
[Date "2013.03.28"]
[Round "4"]
[White "Lin Ying, Rui"]
[Black "Ruiz Delgado, Basilio"]
[Result "0-1"]
[WhiteElo "1431"]
[BlackElo "1715"]
[PlyCount "80"]
[EventDate "2013.03.25"]
[EventRounds "9"]
[EventCountry "ESP"]

1. c4 e5 2. Nc3 Nf6 3. g3 Nc6 4. Bg2 Bb4 5. d3 O-O 6. e3 Bxc3+ 7. bxc3 d5 8.
cxd5 Nxd5 9. c4 Ndb4 10. Bf1 Bf5 11. e4 Be6 12. Ba3 Re8 13. Bxb4 Nxb4 14. a3
Nc6 15. Ne2 Nd4 16. Nxd4 Qxd4 17. Be2 f5 18. O-O fxe4 19. dxe4 Qxe4 20. Rc1
Rad8 21. Bf3 Rxd1 22. Bxe4 Rxc1 23. Rxc1 b6 24. Kf1 Rd8 25. Ke2 Rd4 26. Bd3 e4
27. Bb1 Rxc4 28. Rxc4 Bxc4+ 29. Ke3 Bd5 30. Kd4 Bb7 31. Bxe4 Bxe4 32. Kxe4 c5
33. Kd5 Kf7 34. f4 Kf6 35. g4 Ke7 36. h4 Kf6 37. a4 h5 38. g5+ Kf5 39. Kc6 c4
40. Kb7 c3 0-1

[Event "VI Open Internacional Memorial Pedro Lez"]
[Site "Ateneo Municipal de Vecindario"]
[Date "2013.03.28"]
[Round "4"]
[White "Santana Rodriguez, Jose Raul"]
[Black "Haarkotter Martin, Michael"]
[Result "1-0"]
[WhiteElo "1693"]
[BlackElo "1396"]
[PlyCount "75"]
[EventDate "2013.03.25"]
[EventRounds "9"]
[EventCountry "ESP"]

1. d4 d5 2. c4 dxc4 3. Nf3 Nf6 4. Nc3 e6 5. Ne5 Nbd7 6. Nxc4 Bb4 7. e3 Ne4 8.
Qc2 Nxc3 9. bxc3 Be7 10. Bd3 Nf6 11. O-O g6 12. Bb2 O-O 13. Rad1 b6 14. Ne5 Kg7
15. Nc6 Qd7 16. Nxe7 Qxe7 17. e4 Bb7 18. Rfe1 Qd7 19. c4 Kg8 20. d5 Ne8 21. Ba3
Nd6 22. e5 Nf5 23. Bxf5 gxf5 24. Qc1 f6 25. dxe6 Qxe6 26. exf6 Qxf6 27. Bb2 Qc6
28. Qg5+ Qg6 29. Qxg6+ hxg6 30. Rd7 Rf7 31. Red1 Re8 32. Rd8 Kf8 33. Bc1 Rfe7
34. Bh6+ Kf7 35. Rxe8 Kxe8 36. f3 Kf7 37. Bg5 Re2 38. Rd7+ 1-0

[Event "VI Open Internacional Memorial Pedro Lez"]
[Site "Ateneo Municipal de Vecindario"]
[Date "2013.03.28"]
[Round "4"]
[White "Garcia Cruz, Jose Manuel"]
[Black "Cobo Mazorra, Alejandro"]
[Result "0-1"]
[WhiteElo "1368"]
[BlackElo "1685"]
[PlyCount "34"]
[EventDate "2013.03.25"]
[EventRounds "9"]
[EventCountry "ESP"]

1. d4 g6 2. Nf3 Bg7 3. e4 c5 4. c3 d5 5. e5 cxd4 6. Bb5+ Bd7 7. Bxd7+ Qxd7 8.
cxd4 Nh6 9. O-O Nc6 10. h3 Qc7 11. Re1 e6 12. Bg5 Qb6 13. Qd2 Nf5 14. Bf6 Bxf6
15. exf6 Nfxd4 16. Nxd4 Qxd4 17. Qxd4 Nxd4 0-1

[Event "VI Open Internacional Memorial Pedro Lez"]
[Site "Ateneo Municipal de Vecindario"]
[Date "2013.03.28"]
[Round "4"]
[White "Garcia Lorenzo, Jaime"]
[Black "Julien Casteleiro, Ariel"]
[Result "0-1"]
[WhiteElo "1265"]
[BlackElo "1586"]
[PlyCount "54"]
[EventDate "2013.03.25"]
[EventRounds "9"]
[EventCountry "ESP"]

1. d4 d5 2. c4 e6 3. Nf3 Nf6 4. g3 c6 5. Bg2 Be7 6. O-O O-O 7. Bg5 Ne4 8. Bxe7
Qxe7 9. Qd3 Nd7 10. Nc3 f5 11. Rad1 Qb4 12. cxd5 exd5 13. Nd2 Ndf6 14. f3 Nxc3
15. bxc3 Qd6 16. Rfe1 f4 17. Rc1 fxg3 18. hxg3 Qxg3 19. Nf1 Qh4 20. Ne3 Nh5 21.
Qd2 Bh3 22. Rf1 Bxg2 23. Nxg2 Qg3 24. Qe1 Rae8 25. Kh1 Rf6 26. Rf2 Qh3+ 27. Kg1
Ng3 0-1

[Event "VI Open Internacional Memorial Pedro Lez"]
[Site "Ateneo Municipal de Vecindario"]
[Date "2013.03.28"]
[Round "4"]
[White "Monteiro Rodrigues, Carlos"]
[Black "Agejas Garcia, Diego"]
[Result "1/2-1/2"]
[WhiteElo "1570"]
[BlackElo "1378"]
[PlyCount "36"]
[EventDate "2013.03.25"]
[EventRounds "9"]
[EventCountry "ESP"]

1. e4 e5 2. Nf3 Nf6 3. Bc4 Bc5 4. Nc3 Nc6 5. O-O O-O 6. d3 d6 7. h3 h6 8. a3
Bd7 9. Nh2 Nd4 10. Kh1 Be6 11. Ba2 Bxa2 12. Rxa2 Nd7 13. b4 Bb6 14. Nd5 f5 15.
Nxb6 axb6 16. c3 Ne6 17. Qh5 f4 18. Qd1 Qe7 {Ilegible} 1/2-1/2

[Event "VI Open Internacional Memorial Pedro Lez"]
[Site "Ateneo Municipal de Vecindario"]
[Date "2013.03.28"]
[Round "4"]
[White "Guerrero Orihuela, Jose Luis"]
[Black "Gutierrez Garcia, Inmaculada"]
[Result "1-0"]
[WhiteElo "1555"]
[BlackElo "1352"]
[PlyCount "73"]
[EventDate "2013.03.25"]
[EventRounds "9"]
[EventCountry "ESP"]

1. d4 d5 2. c4 e6 3. Nc3 Nf6 4. cxd5 exd5 5. Bg5 h6 6. Bh4 g5 7. Bg3 Qe7 8. Be5
Be6 9. Qb3 c5 10. Bxf6 Qxf6 11. Qxb7 cxd4 12. Qxa8 dxc3 13. Qxb8+ Ke7 14. Qc7+
Bd7 15. Qxc3 d4 16. Qf3 Bf5 17. Rc1 Ke6 18. Rc6+ Bd6 19. e4 dxe3 20. Qxe3+ Kd7
21. Bb5 Bb4+ 22. Kf1 Qxc6 23. Bxc6+ Kxc6 24. Qf3+ Kb6 25. Qxf5 Rd8 26. Qc2 Rd2
27. Qb3 Rd4 28. a3 a5 29. axb4 Rxb4 30. Qg3 a4 31. Ne2 Ka5 32. Nc3 Rxb2 33.
Qe5+ Kb4 34. Qd4+ Kb3 35. Nd1 a3 36. Nxb2 axb2 37. Ke2 1-0

[Event "VI Open Internacional Memorial Pedro Lez"]
[Site "Ateneo Municipal de Vecindario"]
[Date "2013.03.28"]
[Round "4"]
[White "Biscarri Candalia, Oscar"]
[Black "Gonzalez Ortega, Pino"]
[Result "0-1"]
[WhiteElo "1537"]
[BlackElo "1344"]
[PlyCount "78"]
[EventDate "2013.03.25"]
[EventRounds "9"]
[EventCountry "ESP"]

1. d4 e6 2. c4 c5 3. Nf3 Nf6 4. Nc3 a6 5. Bg5 cxd4 6. Nxd4 Be7 7. e3 O-O 8. Bd3
d6 9. O-O Nbd7 10. Rc1 Qc7 11. Nf3 b6 12. Qc2 Re8 13. Ne4 g6 14. Rfd1 Bb7 15.
b3 Rac8 16. h3 d5 17. Nxf6+ Nxf6 18. Qe2 dxc4 19. Bxc4 Bxf3 20. Qxf3 Qe5 21. g3
b5 22. Bf4 Qb2 23. Rb1 Qxa2 24. Bf1 Red8 25. Be5 Nd5 26. Rb2 Qa3 27. e4 f6 28.
exd5 fxe5 29. Rbd2 Qb4 30. Rd3 e4 31. Rd4 Qxd4 32. Qg4 Qf6 33. Qxe4 exd5 34.
Rxd5 Rxd5 35. Qxd5+ Qf7 36. Qb7 Rc2 37. Qb8+ Bf8 38. Qb6 Bc5 39. Qd8+ Kg7 0-1

[Event "VI Open Internacional Memorial Pedro Lez"]
[Site "Ateneo Municipal de Vecindario"]
[Date "2013.03.28"]
[Round "4"]
[White "Quevedo Sarmiento, Jacinto"]
[Black "Sanabria Taskila, Jenny Maria"]
[Result "1-0"]
[WhiteElo "1532"]
[BlackElo "1270"]
[PlyCount "41"]
[EventDate "2013.03.25"]
[EventRounds "9"]
[EventCountry "ESP"]

1. d4 d5 2. Nf3 Nc6 3. c3 Nf6 4. Bg5 Bf5 5. e3 e6 6. Nbd2 Bd6 7. Bb5 O-O 8.
Bxc6 bxc6 9. Ne5 c5 10. Ndf3 h6 11. Bh4 cxd4 12. exd4 Be7 13. O-O Ne4 14. Nc6
Qd6 15. Nxe7+ Kh8 16. Nxf5 exf5 17. Bg3 f4 18. Bh4 Rab8 19. Rb1 Rfe8 20. Ne5 f6
21. Nf7+ 1-0

[Event "VI Open Internacional Memorial Pedro Lez"]
[Site "Ateneo Municipal de Vecindario"]
[Date "2013.03.28"]
[Round "5"]
[White "Barlov, Dragan"]
[Black "Larino Nieto, David"]
[Result "0-1"]
[WhiteElo "2454"]
[BlackElo "2508"]
[PlyCount "72"]
[EventDate "2013.03.25"]
[EventRounds "9"]
[EventCountry "ESP"]

1. e4 e5 2. Nf3 Nc6 3. Bb5 Nd4 4. Bc4 Nxf3+ 5. Qxf3 Qf6 6. Qe2 Bc5 7. d3 Ne7 8.
Be3 Bb6 9. Nc3 c6 10. Bb3 d6 11. O-O-O Bd4 12. Qf3 Qxf3 13. gxf3 a5 14. a3 Be6
15. Ne2 Bxb3 16. cxb3 c5 17. f4 f5 18. fxe5 dxe5 19. Bxd4 cxd4 20. exf5 Nxf5
21. Ng3 O-O 22. Rhe1 Rae8 23. Ne4 Re6 24. Kb1 Nh4 25. Rc1 Nf3 26. Rh1 h6 27.
Rc5 b6 28. Rb5 g5 29. h3 Rc8 30. Rd1 Rec6 31. Ka2 Kf7 32. Nd2 Nxd2 33. Rxd2 Kf6
34. Re2 Re6 35. Kb1 h5 36. Rd5 h4 0-1

[Event "VI Open Internacional Memorial Pedro Lez"]
[Site "Ateneo Municipal de Vecindario"]
[Date "2013.03.28"]
[Round "5"]
[White "Meneses Gonzalez, Kevin Moises"]
[Black "Brochet, Philippe"]
[Result "1/2-1/2"]
[WhiteElo "2302"]
[BlackElo "2396"]
[PlyCount "59"]
[EventDate "2013.03.25"]
[EventRounds "9"]
[EventCountry "ESP"]

1. e4 c5 2. Nf3 Nc6 3. d4 cxd4 4. Nxd4 Nf6 5. Nc3 e5 6. Ndb5 d6 7. Bg5 a6 8.
Na3 Be6 9. Nc4 Rc8 10. Bxf6 gxf6 11. Ne3 Ne7 12. Ncd5 Bxd5 13. Nxd5 Nxd5 14.
exd5 Qb6 15. Qg4 f5 16. Qxf5 Qb4+ 17. c3 Rxc3 18. bxc3 Qxc3+ 19. Ke2 Qxa1 20.
Qc8+ $11 Ke7 21. Qxb7+ Kf6 22. g4 Qxa2+ 23. Kf3 e4+ 24. Kxe4 Bh6 25. Kf3 Qd2
26. Bh3 Qd3+ 27. Kg2 Qe4+ 28. Kg1 Qf3 29. Qb2+ Ke7 30. Qxh8 1/2-1/2

[Event "VI Open Internacional Memorial Pedro Lez"]
[Site "Ateneo Municipal de Vecindario"]
[Date "2013.03.28"]
[Round "5"]
[White "Bergez, Luc"]
[Black "Martinez Ramirez, Erik"]
[Result "1/2-1/2"]
[WhiteElo "2375"]
[BlackElo "2302"]
[PlyCount "36"]
[EventDate "2013.03.25"]
[EventRounds "9"]
[EventCountry "ESP"]

1. e4 c5 2. Nf3 Nc6 3. c3 d5 4. exd5 Qxd5 5. d4 cxd4 6. cxd4 Bg4 7. Nc3 Bxf3 8.
gxf3 Qxd4 9. Qxd4 Nxd4 10. Nb5 Nc2+ 11. Kd1 Rc8 12. Nxa7 Rc5 13. b4 Nxb4 14.
Bb5+ Kd8 15. Be3 e6 16. Bxc5 Bxc5 17. Bc4 Bxa7 18. Rb1 Bc5 1/2-1/2

[Event "VI Open Internacional Memorial Pedro Lez"]
[Site "Ateneo Municipal de Vecindario"]
[Date "2013.03.28"]
[Round "5"]
[White "Espinoza Palomino, Willyam"]
[Black "Gutierrez Olivares, Daniel"]
[Result "1/2-1/2"]
[WhiteElo "2284"]
[BlackElo "2367"]
[PlyCount "41"]
[EventDate "2013.03.25"]
[EventRounds "9"]
[EventCountry "ESP"]

1. e4 e5 2. Nf3 Nc6 3. Bb5 a6 4. Ba4 Nf6 5. O-O b5 6. Bb3 Bc5 7. c3 d6 8. d4
Bb6 9. a4 Rb8 10. a5 Ba7 11. Be3 Qe7 12. Bd5 Nxd5 13. exd5 Nd8 14. dxe5 Bxe3
15. exd6 Bxf2+ 16. Kxf2 Qxd6 17. Re1+ Kf8 18. Qd4 Bb7 19. Rd1 h5 20. b3 Rh6 21.
Ra2 1/2-1/2

[Event "VI Open Internacional Memorial Pedro Lez"]
[Site "Ateneo Municipal de Vecindario"]
[Date "2013.03.28"]
[Round "5"]
[White "Kurajica, Bojan"]
[Black "Acosta Sosa, Juan Manuel"]
[Result "1-0"]
[WhiteElo "2539"]
[BlackElo "2150"]
[PlyCount "73"]
[EventDate "2013.03.25"]
[EventRounds "9"]
[EventCountry "ESP"]

1. Nf3 c5 2. c4 Nc6 3. d4 cxd4 4. Nxd4 g6 5. g3 Bg7 6. Nc2 Nf6 7. Bg2 O-O 8.
O-O b6 9. Nc3 Bb7 10. b3 Na5 11. e4 d6 12. Re1 Rc8 13. Bb2 a6 14. Rb1 Qc7 15.
Ne3 e6 16. Qd2 Rfd8 17. Rbc1 Qb8 18. Rc2 Nc6 19. Qd1 Ba8 20. Qa1 Ne8 21. Ne2
Qa7 22. Bxg7 Nxg7 23. Ng4 Qe7 24. Nf6+ Kh8 25. f4 Nb4 26. Rd2 e5 27. Ng4 h5 28.
Ne3 Qa7 29. Kh1 b5 30. Nc3 Qb8 31. Rf1 Nc6 32. Ncd5 Qa7 33. Rdf2 Rf8 34. Qc1
Ne8 35. f5 g5 36. f6 Nd4 37. Qd1 1-0

[Event "VI Open Internacional Memorial Pedro Lez"]
[Site "Ateneo Municipal de Vecindario"]
[Date "2013.03.28"]
[Round "5"]
[White "Vega Gutierrez, Sabrina"]
[Black "Capote Robayna, Nathaniel"]
[Result "0-1"]
[WhiteElo "2364"]
[BlackElo "2073"]
[PlyCount "82"]
[EventDate "2013.03.25"]
[EventRounds "9"]
[EventCountry "ESP"]

1. e4 c5 2. Nf3 Nc6 3. Bb5 e6 4. O-O Qc7 5. Re1 a6 6. Bxc6 Qxc6 7. d4 cxd4 8.
Nxd4 Qc7 9. Nc3 d6 10. f4 b5 11. Kh1 Bb7 12. a3 Nf6 13. e5 dxe5 14. fxe5 Nd5
15. Ne4 Nb6 16. Qh5 Qc4 17. Ng5 g6 18. Qg4 Bg7 19. b3 Qc3 20. Bb2 Qxb2 21.
Ndxe6 Bxe5 22. Nc7+ Kf8 23. Nxa8 Bxa8 24. Qb4+ Kg7 25. Qe7 Bxg2+ 26. Kxg2 Qxc2+
27. Kf3 Qf5+ 28. Kg2 Qc2+ 29. Kf3 Qf5+ 30. Kg2 Bxa1 31. Ne6+ Kh6 32. Qh4+ Qh5
33. Qf4+ g5 34. Qd6 Qg4+ 35. Kh1 Qf3+ 36. Kg1 Bf6 37. Qxb6 fxe6 38. Qxe6 Kg7
39. Re3 Qf4 40. Qd7+ Kg6 41. Qd3+ Qf5 0-1

[Event "VI Open Internacional Memorial Pedro Lez"]
[Site "Ateneo Municipal de Vecindario"]
[Date "2013.03.28"]
[Round "5"]
[White "Uta, Adeline-Ramona"]
[Black "Bressac, Stephane"]
[Result "0-1"]
[WhiteElo "2053"]
[BlackElo "2284"]
[PlyCount "88"]
[EventDate "2013.03.25"]
[EventRounds "9"]
[EventCountry "ESP"]

1. Nf3 g6 2. g3 Bg7 3. Bg2 e5 4. d3 d5 5. O-O Ne7 6. Nbd2 O-O 7. c4 c6 8. e4
dxe4 9. dxe4 a5 10. a3 Nd7 11. b3 Qc7 12. Bb2 Rd8 13. b4 Nf8 14. c5 Be6 15. Qc2
Rd7 16. Bc3 a4 17. Rfb1 Rad8 18. Qxa4 g5 19. h3 h5 20. Qc2 g4 21. hxg4 hxg4 22.
Nh2 Neg6 23. Bf1 Nh7 24. Nc4 Ng5 25. Nd6 Bf8 26. Nc4 Nf3+ 27. Nxf3 gxf3 28. Rd1
f6 29. Nb6 Rxd1 30. Rxd1 Rxd1 31. Qxd1 Bg4 32. Nc4 Qg7 33. Nd2 Qd7 34. Qb3+ Kh8
35. Qc4 Qh7 36. Qd3 Qh5 37. Qd8 Kg7 38. Qd7+ Kh8 39. Qxb7 Bh3 40. Qa6 Nf4 41.
gxf4 Qg4+ 42. Kh2 Bg2 43. Nxf3 Qh3+ 44. Kg1 Qh1# 0-1

[Event "VI Open Internacional Memorial Pedro Lez"]
[Site "Ateneo Municipal de Vecindario"]
[Date "2013.03.28"]
[Round "5"]
[White "Robin, Samy"]
[Black "Camino Carrio, Nicanor"]
[Result "1-0"]
[WhiteElo "2254"]
[BlackElo "2014"]
[PlyCount "43"]
[EventDate "2013.03.25"]
[EventRounds "9"]
[EventCountry "ESP"]

1. d4 Nf6 2. Nc3 d5 3. e4 e6 4. Bg5 Be7 5. e5 Nfd7 6. h4 Bxg5 7. hxg5 Qxg5 8.
Nh3 Qe7 9. Qg4 f6 10. Nf4 Nf8 11. Nfxd5 Qf7 12. Nb5 a6 13. Ndxc7+ Kd8 14. Nxa8
axb5 15. exf6 gxf6 16. Nb6 Nc6 17. O-O-O Rg8 18. Qf4 Rg5 19. Qd6+ Bd7 20. d5
exd5 21. Nxd5 Ne6 22. Nxf6 1-0

[Event "VI Open Internacional Memorial Pedro Lez"]
[Site "Ateneo Municipal de Vecindario"]
[Date "2013.03.28"]
[Round "5"]
[White "Herrera Reyes, Jose Antonio"]
[Black "Bismuth, Lea"]
[Result "1/2-1/2"]
[WhiteElo "2252"]
[BlackElo "1948"]
[PlyCount "89"]
[EventDate "2013.03.25"]
[EventRounds "9"]
[EventCountry "ESP"]

1. e4 e5 2. Nf3 Nc6 3. Bc4 Bc5 4. c3 Nf6 5. d3 d6 6. Nbd2 a6 7. Bb3 O-O 8. h3
Be6 9. Bc2 h6 10. Nf1 d5 11. Qe2 b5 12. Be3 Bb6 13. Rd1 Qe7 14. Bxb6 cxb6 15.
Ne3 b4 16. c4 b3 17. axb3 dxe4 18. dxe4 Qb4+ 19. Rd2 Nd4 20. Nxd4 exd4 21. Ng4
Bxg4 22. hxg4 Rfe8 23. Kf1 Rad8 24. g5 hxg5 25. f3 Qa5 26. g3 g6 27. Qd3 Qe5
28. Rg2 g4 29. Rh4 g5 30. Rh6 Kg7 31. Rgh2 Rh8 32. Rxh8 Rxh8 33. Rxh8 Kxh8 34.
Kg2 Kg7 35. Qe2 gxf3+ 36. Qxf3 Kh6 37. Bd3 Qe6 38. Qf2 Qe5 39. Qf3 Qe6 40. Qf5
Ng4 41. Kf3 Ne5+ 42. Ke2 Qd6 43. Qc8 a5 44. Qh8+ Kg6 45. Qg8+ 1/2-1/2